Vật liệu và công nghệ hàn

Gespeichert in:
Bibliographische Detailangaben
1. Verfasser: Nguyễn, Văn Thông
Format: Buch
Sprache:Undetermined
Veröffentlicht: Hà Nội Khoa học và Kỹ thuật 2004
Schlagworte:
Tags: Tag hinzufügen
Keine Tags, Fügen Sie den ersten Tag hinzu!
Thư viện lưu trữ: Trung tâm Học liệu Trường Đại học Cần Thơ
LEADER 00558nam a2200193Ia 4500
001 CTU_64220
008 210402s9999 xx 000 0 und d
020 |b 46000 
082 |a 671.52 
082 |b Th455 
100 |a Nguyễn, Văn Thông 
245 0 |a Vật liệu và công nghệ hàn 
245 0 |c Nguyễn Văn Thông 
260 |a Hà Nội 
260 |b Khoa học và Kỹ thuật 
260 |c 2004 
650 |a Welding,Kỹ thuật hàn 
904 |i Năm 
980 |a Trung tâm Học liệu Trường Đại học Cần Thơ